Govt. of
Madhya Pradesh

एशिया के दुर्गम भूखंडों में (Record no. 19666)

MARC details
000 -LEADER
fixed length control field 006520000a22001810004500
003 - CONTROL NUMBER IDENTIFIER
control field MACL
005 - DATE AND TIME OF LATEST TRANSACTION
control field 20160601130440.0
008 - FIXED-LENGTH DATA ELEMENTS--GENERAL INFORMATION
fixed length control field 160601b xxu||||| |||| 00| 0 eng d
040 ## - CATALOGING SOURCE
Original cataloging agency MACL
Transcribing agency MACL
041 ## - LANGUAGE CODE
Language code of text/sound track or separate title Hindi
082 ## - DEWEY DECIMAL CLASSIFICATION NUMBER
Classification number 910 SAN
100 ## - MAIN ENTRY--PERSONAL NAME
Personal name सांकृत्‍यायन, राहुल
9 (RLIN) 61247
245 ## - TITLE STATEMENT
Title एशिया के दुर्गम भूखंडों में
Statement of responsibility, etc. राहुल सांकृत्‍यायन
260 ## - PUBLICATION, DISTRIBUTION, ETC. (IMPRINT)
Name of publisher, distributor, etc. भारतीय प्रकाशन संस्‍थान
Date of publication, distribution, etc. 1996
Place of publication, distribution, etc. नई दिल्‍ली
350 ## - PRICE (NR) (BK AM CF MU VM SE) [OBSOLETE]
Price 125
650 ## - SUBJECT ADDED ENTRY--TOPICAL TERM
Topical term or geographic name as entry element Travel
9 (RLIN) 61248
942 ## - ADDED ENTRY ELEMENTS (KOHA)
Koha item type Hindi Books
Call number prefix 910
Source of classification or shelving scheme
Holdings
Withdrawn status Lost status Source of classification or shelving scheme Damaged status Not for loan Home library Current library Date acquired Cost, normal purchase price Total Checkouts Full call number Barcode Date last seen Date last checked out Uniform Resource Identifier Price effective from Koha item type
          MACL MACL 15/04/2015 125.00 2 910 SAN CRH009847 10/07/2019 23/06/2019 19582 15/04/2015 Books